Le plaisir

Gardado en:
Detalles Bibliográficos
Main Authors: Aristóteles, 384 a.C.- 322 a.C (Author), Festugière, A. J (Author)
Formato: Libro
Idioma:francés
Publicado: París Librairie Philosophique J. Vrin 1946
Series:Bibliothèque des textes philosophiques
Subjects:
Tags: Engadir etiqueta
Sen Etiquetas, Sexa o primeiro en etiquetar este rexistro!

MARC

LEADER 00000nam a2200000 a 4500
001 UCY6429
003 CL-VaPUC
008 950526e19460000FR |||||||||||||||||fre|d
082 0 4 |a 185  |b ARI  |2 21 
100 |a Aristóteles,  |d 384 a.C.- 322 a.C.  |e author  |9 194 
700 0 |a Festugière, A. J  |e author  |9 336352 
245 1 3 |a Le plaisir 
300 |a 48 p 
942 |c BK 
945 |d 19950526 00:00:00  |a oaravena 
260 |a París  |b Librairie Philosophique J. Vrin  |c 1946 
650 0 |a Filosofía   |9 223554 
650 0 |a Filosofía antigua   |9 255705 
650 7 |a PLACER  |2 CL-VaPUC  |9 321616 
650 0 |a Comportamiento moral  |9 334569 
650 0 |a Ética  |9 255099 
650 0 |a Felicidad  |9 257029 
651 0 |a Grecia  |9 265314 
583 |a last modification  |c 19950526 00:00:00  |k Rodrigo Vera 
490 0 |a Bibliothèque des textes philosophiques 
999 |c 233994  |d 233992 
952 |0 0  |1 0  |4 0  |6 185_000000000000000_ARI_1946  |7 0  |8 A  |9 239908  |a BIBEDU  |b BIBEDU  |d 2019-11-18  |i 150990K  |o 185 ARI 1946  |p 150990K  |r 2019-11-18  |w 2019-11-18  |y BK  |k FIL